Culture Générale - Série 2385 - Statistiques

Statistiques générales
  • Ce quiz a été pris 109 fois
  • Le résultat moyen est 5 sur 10
Statistiques - réponses
Question Réponse % Correct
Quel fromage est la spécialité de Meaux (77) ? brie
84%
Quel petit pays africain est entièrement enclavé au cœur de l’Afrique du Sud ? Lesotho
80%
Quel est le plus long fleuve d’Europe ? Volga
74%
De quel archipel Tenerife est-elle la plus grande île ? Canaries
72%
Dans le film "L'aventure c'est l'aventure" quel acteur apprend à ses camarades à frimer devant les filles en marchant sur la plage ? prénom et nom Aldo Maccione
53%
Dans "Les Tontons Flingueurs", qui dit "Les cons ça ose tout, c'est même à ça qu'on les reconnaît" ?prénom et nom Lino Ventura
47%
Quel oiseau figure sur le drapeau de l’Équateur ? condor
26%
Qui est l'homme qui aimait les femmes pour François Truffaut ? prénom et nom Charles Denner
23%
Qui a écrit "Le baiser au lépreux" en 1922 ? prénom et nom - voir photo François Mauriac
22%
Quelle commune de Seine-et-Marne est l'un des endroits mythiques de la peinture pré-impressionniste en France ? Barbizon
15%
Aucun quiz correspondant
Distribution des résultats
% des personnes avec chaque résultat
Percentile par nombre de réponses
Votre historique - résultats
Vous n’avez pas pris ce quiz